000 00348 a2200109 4500
001 ART_14818
005 20260410161914.0
008 260409a
245 1 0 _aThe collapse of purchasing power parities during the 1970´s
100 1 _aFrenkel, Jacob
773 0 _tEuropean economic review
_g- Vol. 16, Nº 1 (may. 1981)
_wREV13346
999 _c27052
_d27052